| 000 | 00534nam a2200205Ia 4500 | ||
|---|---|---|---|
| 003 | OSt | ||
| 005 | 20231027162917.0 | ||
| 008 | 210210b2013 xxu||||| |||| 00| 0 eng d | ||
| 040 | _cAL | ||
| 041 | _aKonkani | ||
| 082 | _a891.461 VALN | ||
| 100 |
_aVALLI, Vagga Psued Valerian Disoja _9139802 |
||
| 245 |
_aNeketram _bನೆಕೆತ್ರಾಂ |
||
| 260 |
_aManglur _bKavita Pablikeshans _c2013 |
||
| 300 | _axix,154 | ||
| 650 |
_aNeketrAm _9139803 |
||
| 690 |
_aKonkani Poetry _9139804 |
||
| 906 | _a068510 | ||
| 942 |
_2ddc _cBK |
||
| 999 |
_c152715 _d152715 |
||